[Event "January TNT"]
[Site "Winnipeg CAN"]
[Date "2016.01.12"]
[Round "2.4"]
[White "Czarny, Keith"]
[Black "Marshall, Carter"]
[Result "1-0"]
[WhiteElo "1638"]
[BlackElo "1226"]
[PlyCount "55"]
[EventDate "2016.01.05"]
[EventType "swiss"]
[EventRounds "4"]
[EventCountry "CAN"]

1. Nc3 Nf6 2. g3 Nc6 3. Nf3 b6 4. Bg2 Bb7 5. O-O g6 6. d4 Bg7 7. e4 d6 8. Re1
O-O 9. Be3 e5 10. dxe5 dxe5 11. Qc1 Nb4 12. a3 Nc6 13. Bg5 Qe7 14. Nd5 Qe6 15.
Nxc7 Qc4 16. Nxa8 Rxa8 17. h3 Qe6 18. Qe3 Rd8 19. Rad1 Rxd1 20. Rxd1 h6 21.
Bxh6 Nxe4 22. Bxg7 Kxg7 23. Qxe4 Nd4 24. Qxb7 Nxf3+ 25. Bxf3 Qxh3 26. Bd5 Qf5
27. Bxf7 Qxf7 28. Rd7 1-0

[Event "January TNT"]
[Site "Winnipeg CAN"]
[Date "2016.01.12"]
[Round "2.4"]
[White "Kernetsky, Myron"]
[Black "Le Dorze, Phil"]
[Result "1/2-1/2"]
[WhiteElo "2050"]
[BlackElo "1849"]
[PlyCount "82"]
[EventDate "2016.01.05"]
[EventType "swiss"]
[EventRounds "4"]
[EventCountry "CAN"]

1. d4 Nf6 2. Nf3 e6 3. c4 d5 4. Nc3 b6 5. a3 Bb7 6. Bg5 Be7 7. e3 Nbd7 8. Rc1
c5 9. cxd5 Nxd5 10. Bxe7 Qxe7 11. Nxd5 Bxd5 12. dxc5 bxc5 13. Bb5 O-O 14. Bxd7
Qxd7 15. Rxc5 Qb7 16. b4 Qa6 17. Ra5 Qc4 18. Rc5 Qa2 19. Qc1 Bxf3 20. gxf3 g6
21. O-O Rfd8 22. Rc2 Qb3 23. Rc3 Qa2 24. Rd1 Qe2 25. Rxd8+ Rxd8 26. Rc8 Rxc8
27. Qxc8+ Kg7 28. Qc3+ Kg8 29. Kg2 Qb5 30. f4 Qe2 31. h3 h5 32. Qd4 Qa6 33. Qc3
Qb7+ 34. f3 Qa6 35. Qb2 Qd3 36. Kf2 h4 37. Qc1 Qf5 38. Kg2 Qd3 39. Kf2 Qf5 40.
Kg2 Qd3 41. Kf2 Qf5 1/2-1/2

[Event "January TNT"]
[Site "Winnipeg CAN"]
[Date "2016.01.12"]
[Round "2.4"]
[White "Letain, Cory"]
[Black "Green, Jim"]
[Result "1/2-1/2"]
[WhiteElo "1583"]
[BlackElo "1866"]
[PlyCount "41"]
[EventDate "2016.01.05"]
[EventType "swiss"]
[EventRounds "4"]
[EventCountry "CAN"]

1. d4 d5 2. c4 c6 3. cxd5 cxd5 4. Nf3 Nf6 5. Nc3 e6 6. e3 Be7 7. Bb5+ Bd7 8.
Bxd7+ Nbxd7 9. Qb3 Qc7 10. Bd2 O-O 11. O-O Qb6 12. Qxb6 Nxb6 13. b3 a6 14. Ne5
Rac8 15. a3 Ne4 16. Nxe4 dxe4 17. Ba5 Na8 18. Bb4 Bxb4 19. axb4 Nb6 20. Rfc1 f5
21. Rc5 1/2-1/2

[Event "January TNT"]
[Site "Winnipeg CAN"]
[Date "2016.01.12"]
[Round "2.4"]
[White "Marshall, Ken"]
[Black "Wolchock, Theo"]
[Result "0-1"]
[WhiteElo "1258"]
[BlackElo "1950"]
[PlyCount "54"]
[EventDate "2016.01.05"]
[EventType "swiss"]
[EventRounds "4"]
[EventCountry "CAN"]

1. e4 e5 2. Nf3 d6 3. Nc3 Be7 4. Bc4 Nf6 5. Ng5 O-O 6. d3 h6 7. Nf3 Bg4 8. Be3
c6 9. h3 Bh5 10. g4 Bg6 11. g5 hxg5 12. Nxg5 d5 13. exd5 cxd5 14. Bb3 d4 15.
Qf3 dxc3 16. Qxb7 cxb2 17. Rb1 Nbd7 18. Rxb2 Nc5 19. Qf3 e4 20. dxe4 Bh5 21.
Qxh5 Nxh5 22. Rg1 Nxb3 23. Rxb3 Rb8 24. Rd3 Rb1+ 25. Ke2 Qxd3+ 26. Kxd3 Rxg1
27. Bxa7 Bxg5 0-1

[Event "January TNT"]
[Site "Winnipeg CAN"]
[Date "2016.01.12"]
[Round "2.4"]
[White "Prince, Colin"]
[Black "Wasserman, Leor"]
[Result "1/2-1/2"]
[WhiteElo "1920"]
[BlackElo "2024"]
[PlyCount "37"]
[EventDate "2016.01.05"]
[EventType "swiss"]
[EventRounds "4"]
[EventCountry "CAN"]

1. e4 c5 2. Nf3 d6 3. d4 Nf6 4. Nc3 cxd4 5. Nxd4 a6 6. Be2 e6 7. Be3 Be7 8. f4
Qc7 9. O-O O-O 10. Qe1 b5 11. Bf3 Bb7 12. Bf2 Nc6 13. Rd1 Na5 14. b3 Rac8 15.
Rd3 Rfd8 16. a4 bxa4 17. Nxa4 Nc6 18. c4 d5 19. Nc2 1/2-1/2

[Event "January TNT"]
[Site "Winnipeg CAN"]
[Date "2016.01.12"]
[Round "2.4"]
[White "Russo, Max"]
[Black "Skop, Mike"]
[Result "1-0"]
[WhiteElo "1443"]
[BlackElo "1626"]
[PlyCount "72"]
[EventDate "2016.01.05"]
[EventType "swiss"]
[EventRounds "4"]
[EventCountry "CAN"]

1. d4 e5 2. dxe5 f6 3. Nf3 Nc6 4. e3 fxe5 5. Be2 d6 6. b3 Be7 7. Bb2 Be6 8. a3
Bf6 9. Bb5 Nge7 10. O-O O-O 11. Bd3 e4 12. Bxf6 exf3 13. Bxe7 Qxe7 14. g3 Qf6
15. Nd2 Ne5 16. Re1 Qh6 17. Be4 Bg4 18. h4 g5 19. Kh2 gxh4 20. Rh1 h3 21. Bxb7
c6 22. Bxa8 Bd7 23. Kg1 Ng4 24. Nxf3 h2+ 25. Rxh2 Nxh2 26. Nxh2 Rxa8 27. Ng4
Qg7 28. Nh2 Rf8 29. Rc1 Qf6 30. Qe2 d5 31. Rd1 Rf7 32. Rd4 Bh3 33. Rf4 Qa1+ 34.
Nf1 Rxf4 35. exf4 Kf7 36. Qh5+ Kg7 1-0

[Event "January TNT"]
[Site "Winnipeg CAN"]
[Date "2016.01.12"]
[Round "2.4"]
[White "Trueman, Francis"]
[Black "Evans, Jason"]
[Result "1/2-1/2"]
[WhiteElo "1473"]
[BlackElo "1652"]
[PlyCount "67"]
[EventDate "2016.01.05"]
[EventType "swiss"]
[EventRounds "4"]
[EventCountry "CAN"]

1. e4 c5 2. a4 d6 3. Nf3 Nc6 4. d3 Nf6 5. Nbd2 g6 6. g3 Bg7 7. Bg2 O-O 8. O-O
Rb8 9. Re1 Ng4 10. c3 Nge5 11. Nf1 Bg4 12. h4 b5 13. axb5 Rxb5 14. N1h2 Nxf3+
15. Nxf3 Qc7 16. Qe2 Rfb8 17. Qd2 Na5 18. Qc2 Nb3 19. Ra2 Nxc1 20. Rxc1 Be6 21.
Raa1 Rxb2 22. Qa4 R8b7 23. Qe8+ Bf8 24. Ng5 Qd7 25. Qxd7 Bxd7 26. e5 Rc7 27.
exd6 exd6 28. Bd5 Kg7 29. Bxf7 h6 30. Ne6+ Bxe6 31. Bxe6 Kf6 32. Bd5 Rd2 33.
Bc4 Re7 34. Re1 1/2-1/2

[Event "January TNT"]
[Site "Winnipeg CAN"]
[Date "2016.01.12"]
[Round "2.4"]
[White "Wiebe, Isaac"]
[Black "Czypinski, Jaroslaw"]
[Result "1-0"]
[WhiteElo "1831"]
[BlackElo "1536"]
[PlyCount "51"]
[EventDate "2016.01.05"]
[EventType "swiss"]
[EventRounds "4"]
[EventCountry "CAN"]

1. d4 d5 2. c4 e5 3. dxe5 d4 4. Nf3 Nc6 5. g3 Bg4 6. Bg2 Bb4+ 7. Bd2 Qe7 8. O-O
Bxd2 9. Nbxd2 Bxf3 10. exf3 O-O-O 11. f4 Qd7 12. Ne4 Qe7 13. a3 f6 14. b4 fxe5
15. Nc5 e4 16. Bxe4 Rd6 17. Qa4 Nf6 18. Bxc6 Rxc6 19. Qxa7 Rxc5 20. bxc5 Re8
21. Qa8+ Kd7 22. Qxb7 Qf7 23. c6+ Ke6 24. Rfe1+ Kf5 25. Qb5+ Kg4 26. Kg2 1-0

[Event "January TNT"]
[Site "Winnipeg CAN"]
[Date "2016.01.19"]
[Round "3.4"]
[White "Atem, James"]
[Black "Clark, Jeff"]
[Result "1/2-1/2"]
[WhiteElo "1831"]
[BlackElo "2057"]
[PlyCount "84"]
[EventDate "2016.01.05"]
[EventType "swiss"]
[EventRounds "4"]
[EventCountry "CAN"]

1. e4 Nf6 2. e5 Nd5 3. c4 Nb6 4. a4 a5 5. Nc3 d6 6. exd6 exd6 7. d4 Be7 8. Bd3
Nc6 9. Nge2 Nb4 10. O-O Nxd3 11. Qxd3 O-O 12. Bf4 c6 13. b3 d5 14. c5 Nd7 15.
Rfe1 Re8 16. Ng3 g6 17. Re3 Nf8 18. Rae1 Be6 19. Bh6 Qd7 20. h3 b6 21. cxb6
Rab8 22. Nce2 Rxb6 23. Nf4 c5 24. Bxf8 Rxf8 25. Nxe6 fxe6 26. Rf3 Rxf3 27. gxf3
Qb7 28. Qe3 cxd4 29. Qxd4 Bf8 30. Kg2 Bg7 31. Qc5 Rxb3 32. Rxe6 Rxf3 33. Re7
Qb3 34. Qxa5 Rf8 35. Re3 Qd1 36. Ne2 Bh6 37. Re7 Qd3 38. Qa7 Qf3+ 39. Kg1 Qxh3
40. Rxh7 Qg4+ 41. Ng3 Qf4 42. Rd7 Qd2 1/2-1/2

[Event "January TNT"]
[Site "Winnipeg CAN"]
[Date "2016.01.19"]
[Round "3.4"]
[White "Bince, Rolando"]
[Black "Wiebe, Isaac"]
[Result "0-1"]
[WhiteElo "1976"]
[BlackElo "2171"]
[PlyCount "62"]
[EventDate "2016.01.05"]
[EventType "swiss"]
[EventRounds "4"]
[EventCountry "CAN"]

1. e4 c5 2. Nf3 d6 3. d4 cxd4 4. Nxd4 Nf6 5. Nc3 a6 6. Bc4 e6 7. Be3 Be7 8. h3
b5 9. Bd3 Bb7 10. a3 Nbd7 11. f3 Rc8 12. Qd2 Ne5 13. O-O O-O 14. Bf2 d5 15.
exd5 Nxd3 16. Qxd3 Nxd5 17. Nce2 Bh4 18. g3 Bf6 19. Rad1 Qc7 20. c3 Rfd8 21.
Qb1 Ne7 22. Be3 Nd5 23. Bf2 Nb6 24. Kg2 Nc4 25. Qc1 e5 26. Nb3 Bxf3+ 27. Kxf3
Qb7+ 28. Kg4 h5+ 29. Kf5 Nd6+ 30. Rxd6 Rxd6 31. Nf4 Qf3 0-1

[Event "January TNT"]
[Site "Winnipeg CAN"]
[Date "2016.01.19"]
[Round "3.4"]
[White "Czarny, Keith"]
[Black "Rutter, Blair"]
[Result "1/2-1/2"]
[WhiteElo "1638"]
[BlackElo "1929"]
[PlyCount "64"]
[EventDate "2016.01.05"]
[EventType "swiss"]
[EventRounds "4"]
[EventCountry "CAN"]

1. Nc3 e5 2. g3 f5 3. d3 Nf6 4. Bg2 d6 5. Bg5 Be7 6. Bxf6 Bxf6 7. Nd5 Nd7 8. c4
O-O 9. Nf3 c6 10. Nxf6+ Qxf6 11. e3 Nc5 12. d4 Ne4 13. O-O Bd7 14. dxe5 Qe6 15.
exd6 Nxd6 16. b3 Rad8 17. Qc2 Qf6 18. Rad1 Be6 19. Rd2 Ne4 20. Rxd8 Rxd8 21.
Rd1 Rxd1+ 22. Qxd1 h6 23. Qd4 Qe7 24. Qe5 Qd7 25. Nd4 Bf7 26. Qxf5 Qxf5 27.
Nxf5 Nc3 28. a3 Nb1 29. Nd6 Nxa3 30. Nxb7 Be8 31. Be4 a6 32. Na5 Kf7 1/2-1/2

[Event "January TNT"]
[Site "Winnipeg CAN"]
[Date "2016.01.19"]
[Round "3.4"]
[White "Czypinski, Jaroslaw"]
[Black "Letain, Cory"]
[Result "1-0"]
[WhiteElo "1583"]
[BlackElo "1949"]
[PlyCount "25"]
[EventDate "2016.01.05"]
[EventType "swiss"]
[EventRounds "4"]
[EventCountry "CAN"]

1. e4 e5 2. Bc4 Nf6 3. d4 exd4 4. Nf3 d5 5. exd5 Nxd5 6. Qxd4 Be6 7. O-O Nc6 8.
Bb5 Qf6 9. Bxc6+ bxc6 10. Qa4 Bd7 11. Bg5 Qxb2 12. Nbd2 Qb4 13. Rfe1+ 1-0

[Event "January TNT"]
[Site "Winnipeg CAN"]
[Date "2016.01.19"]
[Round "3.4"]
[White "Green, Jim"]
[Black "Baron, Gustav"]
[Result "0-1"]
[WhiteElo "1866"]
[BlackElo "2197"]
[PlyCount "106"]
[EventDate "2016.01.05"]
[EventType "swiss"]
[EventRounds "4"]
[EventCountry "CAN"]

1. e4 e5 2. Nf3 Nc6 3. d4 exd4 4. Nxd4 Bb4+ 5. c3 Bc5 6. Nxc6 bxc6 7. Bd3 Ne7
8. O-O O-O 9. Nd2 d5 10. Qc2 f5 11. exd5 cxd5 12. Nf3 Bd6 13. c4 c6 14. c5 Bc7
15. b4 Ng6 16. Bg5 Qd7 17. Rae1 h6 18. Bc1 Qd8 19. Bb2 Nh4 20. Nxh4 Qxh4 21.
Be5 Bxe5 22. Rxe5 Qxb4 23. Bxf5 Bxf5 24. Rxf5 Rxf5 25. Qxf5 Qxc5 26. Qe6+ Kh8
27. Qe5 Rf8 28. g3 a5 29. Kg2 Rf6 30. Qb8+ Rf8 31. Qe5 Rd8 32. Qc7 Re8 33. Rb1
Rf8 34. Rf1 d4 35. f4 Re8 36. Qd7 Re7 37. Qc8+ Kh7 38. Qg4 Qd5+ 39. Kh3 h5 40.
Qd1 Qf5+ 41. Kg2 d3 42. Rf2 c5 43. h3 c4 44. Rd2 h4 45. Qf1 hxg3 46. Qf3 Qe4
47. Kxg3 Qg6+ 48. Kf2 Qb6+ 49. Kf1 Re3 50. Qh5+ Qh6 51. Qf5+ Qg6 52. Qc5 Rf3+
53. Rf2 d2 0-1

[Event "January TNT"]
[Site "Winnipeg CAN"]
[Date "2016.01.19"]
[Round "3.4"]
[White "Marshall, Carter"]
[Black "Trueman, Francis"]
[Result "0-1"]
[WhiteElo "1226"]
[BlackElo "1473"]
[PlyCount "39"]
[EventDate "2016.01.05"]
[EventType "swiss"]
[EventRounds "4"]
[EventCountry "CAN"]

1. e4 d6 2. Nf3 Nf6 3. Nc3 g6 4. Bc4 Bg7 5. e5 dxe5 6. Nxe5 O-O 7. Qe2 Nbd7 8.
Nxd7 Bxd7 9. b3 e5 10. Bb2 c6 11. O-O-O Re8 12. Ne4 Bf5 13. Ng5 Nd5 14. Qf3
Qxg5 15. Bxd5 cxd5 16. Qxd5 Rac8 17. c3 Bh6 18. h4 Qe7 19. Rhe1 Rcd8 20. Qf3
0-1

[Event "January TNT"]
[Site "Winnipeg CAN"]
[Date "2016.01.19"]
[Round "3.4"]
[White "Remillard, John"]
[Black "Wasserman, Leor"]
[Result "0-1"]
[WhiteElo "1711"]
[BlackElo "2024"]
[PlyCount "64"]
[EventDate "2016.01.05"]
[EventType "swiss"]
[EventRounds "4"]
[EventCountry "CAN"]

1. c4 e5 2. Nc3 Nf6 3. d3 d5 4. Bg5 d4 5. Nb1 Bb4+ 6. Bd2 Bxd2+ 7. Nxd2 O-O 8.
Ngf3 Nc6 9. g3 Bg4 10. Bg2 Qd7 11. O-O Ne8 12. Kh1 f5 13. Ng1 Nf6 14. f3 Bh5
15. a3 Rae8 16. Qb3 b6 17. Rae1 Na5 18. Qa2 c5 19. b4 Nb7 20. Nb3 e4 21. bxc5
bxc5 22. h3 Re6 23. fxe4 fxe4 24. Rf5 Bg6 25. Nxc5 Nxc5 26. Rxc5 exd3 27. Rb5
Re3 28. Rb7 Qe6 29. Bf3 Rxf3 30. Nxf3 Qxh3+ 31. Nh2 Be4+ 32. Kg1 Qg2# 0-1

[Event "January TNT"]
[Site "Winnipeg CAN"]
[Date "2016.01.19"]
[Round "3.4"]
[White "Russo, Max"]
[Black "Marshall, Ken"]
[Result "0-1"]
[WhiteElo "1443"]
[BlackElo "1258"]
[PlyCount "78"]
[EventDate "2016.01.05"]
[EventType "swiss"]
[EventRounds "4"]
[EventCountry "CAN"]

1. d4 d5 2. Nf3 Nf6 3. e3 Bf5 4. b3 Nbd7 5. Bb2 e6 6. Nbd2 c6 7. Be2 Bb4 8. a3
Bd6 9. O-O Qc7 10. c4 O-O-O 11. c5 Be7 12. b4 h5 13. b5 h4 14. a4 Ne4 15. Nxe4
Bxe4 16. Bd3 Bxd3 17. Qxd3 g5 18. Bc3 g4 19. Nd2 g3 20. h3 gxf2+ 21. Rxf2 f5
22. a5 cxb5 23. Qxb5 a6 24. Qa4 Bg5 25. Nf1 f4 26. exf4 Bxf4 27. Rb1 Rhf8 28.
Bd2 Bh2+ 29. Nxh2 Rxf2 30. Kxf2 Qg3+ 31. Kg1 Rg8 32. Ng4 Rxg4 33. hxg4 h3 34.
Kf1 Qxg2+ 35. Ke1 h2 36. Kd1 h1=Q+ 37. Kc2 Qe4+ 38. Kc3 Qhxb1 39. c6 Qed3# 0-1

[Event "January TNT"]
[Site "Winnipeg CAN"]
[Date "2016.01.19"]
[Round "3.4"]
[White "Skop, Mike"]
[Black "Leaden, Bruce"]
[Result "0-1"]
[WhiteElo "1625"]
[BlackElo "1536"]
[PlyCount "38"]
[EventDate "2016.01.05"]
[EventType "swiss"]
[EventRounds "4"]
[EventCountry "CAN"]

1. e4 e6 2. Bc4 d5 3. Bb3 dxe4 4. f3 exf3 5. Nxf3 Nf6 6. d4 Be7 7. O-O Nc6 8.
c3 O-O 9. Qe1 b6 10. Ng5 Na5 11. Bc2 g6 12. Qh4 h5 13. Nxf7 Rxf7 14. Bxg6 Rg7
15. Rxf6 Bxf6 16. Qxh5 Qd5 17. Bh7+ Rxh7 18. Qg6+ Rg7 19. Qe8+ Kh7 0-1

[Event "January TNT"]
[Site "Winnipeg CAN"]
[Date "2016.01.19"]
[Round "3.4"]
[White "Wolchock, Theo"]
[Black "Prince, Colin"]
[Result "1/2-1/2"]
[WhiteElo "1950"]
[BlackElo "1920"]
[PlyCount "99"]
[EventDate "2016.01.05"]
[EventType "swiss"]
[EventRounds "4"]
[EventCountry "CAN"]

1. c4 Nf6 2. g3 e5 3. Bg2 Bc5 4. Nc3 c6 5. Nf3 d6 6. O-O O-O 7. d4 exd4 8. Nxd4
Nbd7 9. Nb3 Qe7 10. Qc2 Bb6 11. Bf4 Rd8 12. Rad1 Nf8 13. Bg5 h6 14. Bxf6 Qxf6
15. Rd2 Bf5 16. e4 Bh7 17. Qd1 Ng6 18. Qe2 Ne5 19. Na4 Qe6 20. c5 Bc7 21. Rfd1
Qc4 22. Qxc4 Nxc4 23. Rd4 b5 24. cxb6 Nxb6 25. Nc3 Nd7 26. Rc1 Ne5 27. Nd5 Bb6
28. Nxb6 axb6 29. a3 Kf8 30. f4 c5 31. Rd2 Ng4 32. e5 dxe5 33. Bxa8 Rxa8 34. h3
Nf6 35. fxe5 Ne4 36. Rd7 Nxg3 37. Kh2 Ne4 38. Rf1 f5 39. exf6 Nxf6 40. Rxf6+
gxf6 41. Rxh7 Ra4 42. Rd7 Ke8 43. Rd2 Ke7 44. Kg3 Ke6 45. Rf2 Re4 46. Kf3 Rh4
47. Kg3 Re4 48. Kf3 Rh4 49. Re2+ Kd5 50. Kg3 1/2-1/2

[Event "January TNT"]
[Site "Winnipeg CAN"]
[Date "2016.01.26"]
[Round "4.4"]
[White "Baron, Gustav"]
[Black "Wiebe, Isaac"]
[Result "0-1"]
[WhiteElo "2197"]
[BlackElo "2171"]
[PlyCount "71"]
[EventDate "2016.01.05"]
[EventType "swiss"]
[EventRounds "4"]
[EventCountry "CAN"]

1. e4 c5 2. Nc3 e6 3. Bc4 Nc6 4. a4 Nf6 5. Nf3 d5 6. exd5 exd5 7. Bb5 d4 8. Ne2
Bd6 9. d3 O-O 10. Bg5 Bg4 11. Bxc6 bxc6 12. h3 Be6 13. O-O Bd5 14. Nf4 h6 15.
Nxd5 cxd5 16. Bxf6 Qxf6 17. b3 Rfe8 18. Re1 Bc7 19. Qd2 Qa6 20. Re2 Ba5 21. Qd1
Qd6 22. Kh1 Kf8 23. Ng1 Bc7 24. g3 Ba5 25. Kg2 g5 26. Rxe8+ Rxe8 27. Qg4 Qe6
28. Qh5 Kg7 29. Rf1 Qg6 30. Qf3 Qe6 31. Qd1 f5 32. f4 gxf4 33. Rxf4 Bc7 34. Rf2
Qg6 35. Qf3 Re7 36. Qxf5 0-1

[Event "January TNT"]
[Site "Winnipeg CAN"]
[Date "2016.01.26"]
[Round "4.4"]
[White "Clark, Jeff"]
[Black "Trueman, Francis"]
[Result "1-0"]
[WhiteElo "2057"]
[BlackElo "1473"]
[PlyCount "38"]
[EventDate "2016.01.05"]
[EventType "swiss"]
[EventRounds "4"]
[EventCountry "CAN"]

1. e4 d6 2. d4 Nf6 3. Nc3 g6 4. f3 Bg7 5. Be3 O-O 6. Qd2 c6 7. Bd3 Qc7 8. O-O-O
e5 9. dxe5 dxe5 10. g4 a5 11. h4 h5 12. Nge2 hxg4 13. h5 Nxh5 14. fxg4 Bxg4 15.
Rdg1 Nd7 16. Rh4 Be6 17. Rxh5 f5 18. Bh6 Rf7 19. Bxg7 gxh5 1-0

[Event "January TNT"]
[Site "Winnipeg CAN"]
[Date "2016.01.26"]
[Round "4.4"]
[White "Czypinski, Jaroslaw"]
[Black "Czarny, Keith"]
[Result "1-0"]
[WhiteElo "1949"]
[BlackElo "1638"]
[PlyCount "78"]
[EventDate "2016.01.05"]
[EventType "swiss"]
[EventRounds "4"]
[EventCountry "CAN"]

1. Nf3 b6 2. b3 Bb7 3. Bb2 c5 4. e3 d5 5. d4 cxd4 6. Bb5+ Bc6 7. Nxd4 Bxb5 8.
Nxb5 a6 9. Qxd5 Nd7 10. Qxa8 axb5 11. Qxd8+ Kxd8 12. Nc3 e5 13. O-O-O Ngf6 14.
Nxb5 Ne4 15. Rhf1 f6 16. f3 Ng5 17. f4 Ne4 18. fxe5 Bc5 19. exf6 Bxe3+ 20. Kb1
Nd2+ 21. Rxd2 Bxd2 22. Rd1 Bh6 23. Nd6 Rg8 24. Nf7+ Kc7 25. Nxh6 gxh6 26. g3
Rf8 27. Rf1 h5 28. Kc1 Nc5 29. Ba3 Rf7 30. Rf5 Kd6 31. Rxh5 Rxf6 32. Rxh7 Kd5
33. Rh4 Kc6 34. Rf4 Re6 35. h4 Rg6 36. g4 Kb5 37. h5 Rh6 38. Kb2 Ka5 39. Kc3
Re6 1-0

[Event "January TNT"]
[Site "Winnipeg CAN"]
[Date "2016.01.26"]
[Round "4.4"]
[White "Evans, Jason"]
[Black "Russo, Max"]
[Result "0-1"]
[WhiteElo "1652"]
[BlackElo "1443"]
[PlyCount "92"]
[EventDate "2016.01.05"]
[EventType "swiss"]
[EventRounds "4"]
[EventCountry "CAN"]

1. e4 d5 2. exd5 Qxd5 3. Nc3 Qa5 4. d4 Nf6 5. Nf3 Bg4 6. h3 Bh5 7. Be2 Ne4 8.
Bd2 Nxd2 9. Qxd2 Bxf3 10. Bxf3 c6 11. O-O e6 12. Rfe1 Nd7 13. d5 cxd5 14. Bxd5
Rb8 15. Qf4 Be7 16. Bxe6 fxe6 17. Rxe6 Rf8 18. Qd6 Rf7 19. Nd5 Qc5 20. Qxc5
Nxc5 21. Re3 Kf8 22. Rae1 Bf6 23. b3 Bd4 24. R3e2 g6 25. Rd1 Bg7 26. g3 Nd7 27.
Rde1 Ne5 28. Kg2 Nf3 29. Rd1 Nd4 30. Red2 Rd8 31. Nf4 Re8 32. Rxd4 Bxd4 33.
Rxd4 Rfe7 34. h4 Re4 35. Rd7 R8e7 36. Rd8+ Kf7 37. Nd5 R7e5 38. Nf4 a5 39. Rd7+
Re7 40. Rd5 a4 41. c4 axb3 42. axb3 R4e5 43. Rd3 b5 44. Rc3 bxc4 45. bxc4 Rc7
46. Nd5 Rxd5 0-1

[Event "January TNT"]
[Site "Winnipeg CAN"]
[Date "2016.01.26"]
[Round "4.4"]
[White "Le Dorze, Phil"]
[Black "Wolchock, Theo"]
[Result "0-1"]
[WhiteElo "1849"]
[BlackElo "1950"]
[PlyCount "58"]
[EventDate "2016.01.05"]
[EventType "swiss"]
[EventRounds "4"]
[EventCountry "CAN"]

1. d4 Nf6 2. c4 e5 3. dxe5 Ng4 4. Nc3 Nxe5 5. e4 Nbc6 6. Nf3 Bc5 7. Be2 O-O 8.
O-O d6 9. Bg5 Nxf3+ 10. Bxf3 Qxg5 11. Nd5 Bb6 12. a4 Be6 13. Kh1 Bxd5 14. cxd5
Ne5 15. Be2 Ng6 16. b4 a5 17. b5 f5 18. exf5 Rxf5 19. Bg4 Rxf2 20. Rxf2 Bxf2
21. Be6+ Kh8 22. Qc2 Bb6 23. Rf1 Rf8 24. Qe2 Rxf1+ 25. Qxf1 Qf4 26. Qd1 Qd4 27.
Qe1 Qf2 28. Qd1 Nf4 29. Bh3 Nxh3 0-1

[Event "January TNT"]
[Site "Winnipeg CAN"]
[Date "2016.01.26"]
[Round "4.4"]
[White "Leaden, Bruce"]
[Black "Green, Jim"]
[Result "0-1"]
[WhiteElo "1866"]
[BlackElo "1536"]
[PlyCount "85"]
[EventDate "2016.01.05"]
[EventType "swiss"]
[EventRounds "4"]
[EventCountry "CAN"]

1. e4 e5 2. Nf3 Nf6 3. Nc3 Nc6 4. Bc4 Nxe4 5. Bxf7+ Kxf7 6. Nxe4 d5 7. Nc3 Be7
8. Nxe5+ Nxe5 9. Qh5+ Ng6 10. Qxd5+ Qxd5 11. Nxd5 Bd6 12. O-O Re8 13. d4 Be6
14. Ne3 Nf4 15. Re1 Nd5 16. c3 Nxe3 17. Bxe3 Bd5 18. b3 b5 19. Re2 Re6 20. Ree1
Rae8 21. Bd2 Re2 22. Be3 Rc2 23. Rec1 Rxc1+ 24. Rxc1 Ba3 25. Rc2 c6 26. Re2 Bd6
27. Re1 Re6 28. Bd2 Rg6 29. g3 Re6 30. Rxe6 Kxe6 31. h3 Kf5 32. Kf1 Ke4 33. Ke2
Be6 34. f3+ Kd5 35. g4 c5 36. dxc5 Bxc5 37. b4 Bb6 38. Kf1 Kc4 39. Ke2 a5 40.
a3 Bd5 41. Be3 Bxe3 42. Kxe3 axb4 43. axb4 0-1

[Event "January TNT"]
[Site "Winnipeg CAN"]
[Date "2016.01.26"]
[Round "4.4"]
[White "Letain, Cory"]
[Black "Einarsson, Ken"]
[Result "1/2-1/2"]
[WhiteElo "1583"]
[BlackElo "1759"]
[PlyCount "84"]
[EventDate "2016.01.05"]
[EventType "swiss"]
[EventRounds "4"]
[EventCountry "CAN"]

1. d4 d5 2. c4 e6 3. Nc3 Nf6 4. cxd5 exd5 5. Nf3 Be7 6. g3 O-O 7. Bg2 Nc6 8.
O-O h6 9. Re1 Bf5 10. a3 Ne4 11. Bd2 Bf6 12. e3 Bg4 13. h3 Bh5 14. Qb3 Bxf3 15.
Nxe4 Bxe4 16. Bxe4 dxe4 17. Qxb7 Ne7 18. Qxe4 Qd5 19. Qd3 c5 20. Bc3 cxd4 21.
exd4 Nc6 22. Rad1 Rfe8 23. Qa6 Rxe1+ 24. Rxe1 Nxd4 25. Bxd4 Bxd4 26. Re7 Qc5
27. Qe2 Bxf2+ 28. Kg2 Bd4 29. h4 Kf8 30. Qe4 Rb8 31. Rxf7+ Kxf7 32. Qf4+ Bf6
33. Qxb8 Qc2+ 34. Kh3 Qxb2 35. Qxa7+ Be7 36. a4 Qf6 37. a5 Qf1+ 38. Kh2 Qe2+
39. Kh3 Kf6 40. a6 Qf1+ 41. Kh2 Qe2+ 42. Kh3 Qf1+ 1/2-1/2

[Event "January TNT"]
[Site "Winnipeg CAN"]
[Date "2016.01.26"]
[Round "4.4"]
[White "Magyar, Peter"]
[Black "Remillard, John"]
[Result "1-0"]
[WhiteElo "1508"]
[BlackElo "1715"]
[PlyCount "110"]
[EventDate "2016.01.05"]
[EventType "swiss"]
[EventRounds "4"]
[EventCountry "CAN"]

1. d4 f5 2. Bf4 Nf6 3. h3 e6 4. Nf3 b6 5. e3 Bb7 6. Nbd2 Be7 7. Be2 d6 8. O-O
O-O 9. c3 Nbd7 10. Ng5 Re8 11. Nxe6 Qc8 12. Bc4 Bd5 13. Qb3 c6 14. Bh2 b5 15.
Bxd5 Nxd5 16. Nf4 N7f6 17. a4 bxa4 18. Rxa4 Kh8 19. Rc1 Qd7 20. Nf3 Reb8 21.
Qc2 Nb6 22. Raa1 Ne4 23. Nh5 a5 24. Ng3 Nxg3 25. Bxg3 g5 26. b3 Nd5 27. h4 h6
28. e4 fxe4 29. Qxe4 g4 30. Nd2 Kg7 31. h5 Bf8 32. c4 Nb4 33. c5 Re8 34. Qg6+
Kh8 35. cxd6 Re6 36. Be5+ Bg7 37. Qxg4 Bxe5 38. dxe5 Nd3 39. Rc4 Nxe5 40. Qd4
Kh7 41. Rca4 Rxd6 42. Qe4+ Kg8 43. Qxe5 Rxd2 44. Rg4+ Kh7 45. Qe4+ Kh8 46. Rg6
Rd1+ 47. Rxd1 Qxd1+ 48. Kh2 Qxh5+ 49. Kg3 Rg8 50. Rxg8+ Kxg8 51. Qe6+ Kg7 52.
Qd7+ Kf8 53. Qd6+ Kf7 54. Qxc6 Qe5+ 55. f4 Qe1+ 1-0

[Event "January TNT"]
[Site "Winnipeg CAN"]
[Date "2016.01.26"]
[Round "4.4"]
[White "Marshall, Carter"]
[Black "Skop, Mike"]
[Result "1/2-1/2"]
[WhiteElo "1226"]
[BlackElo "1626"]
[PlyCount "74"]
[EventDate "2016.01.05"]
[EventType "swiss"]
[EventRounds "4"]
[EventCountry "CAN"]

1. e4 d5 2. Nc3 d4 3. Nce2 e5 4. d3 Bd6 5. Nf3 h6 6. Bd2 Be6 7. c3 c5 8. Qa4+
Qd7 9. Qc2 Nc6 10. c4 Nce7 11. h3 Ng6 12. a3 N8e7 13. b4 b6 14. b5 a5 15. a4
Bc7 16. g4 Nc8 17. Nh2 f6 18. f3 Nd6 19. Bg2 Nf7 20. Nf1 Nh4 21. Rh2 Ng5 22.
Bxg5 fxg5 23. Nfg3 g6 24. Kf2 Rf8 25. Re1 Qf7 26. Ng1 O-O-O 27. Qd1 Rd7 28. Rf1
Qf6 29. Ke1 Rdf7 30. Bh1 Qe7 31. Rhf2 Rf6 32. Kd2 R8f7 33. Qe2 Qf8 34. Ke1 Rf4
35. Kd1 Kb7 36. Ke1 Ka7 37. Qd1 R4f6 1/2-1/2

[Event "January TNT"]
[Site "Winnipeg CAN"]
[Date "2016.01.26"]
[Round "4.4"]
[White "Marshall, Ken"]
[Black "Atem, James"]
[Result "0-1"]
[WhiteElo "1258"]
[BlackElo "1831"]
[PlyCount "58"]
[EventDate "2016.01.05"]
[EventType "swiss"]
[EventRounds "4"]
[EventCountry "CAN"]

1. e4 c5 2. Nc3 Nc6 3. f4 g6 4. Nf3 Bg7 5. Bc4 e6 6. O-O a6 7. b3 b5 8. Be2 b4
9. Bb2 bxc3 10. dxc3 d6 11. Qd2 Bb7 12. Nh4 Qxh4 13. Qxd6 Qe7 14. Qd2 Qc7 15.
Rad1 Nge7 16. Ba3 Rd8 17. Qe3 Rxd1 18. Rxd1 Qa5 19. Bxc5 Qxc3 20. Rd3 Qxc2 21.
Rd2 Qc1+ 22. Bf1 O-O 23. f5 exf5 24. exf5 Nxf5 25. Qe2 Qxc5+ 26. Kh1 Ne3 27.
Rd7 Bc8 28. Rc7 Nxf1 29. Qxf1 Qb6 0-1